Normal view MARC view
  • Influenza Viruses.

Entry Uniform Title

Number of records used in: 2

001 - CONTROL NUMBER

  • control field: 3273

003 - CONTROL NUMBER IDENTIFIER

  • control field: NUST

005 - DATE AND TIME OF LATEST TRANSACTION

  • control field: 20170713130936.0

008 - FIXED-LENGTH DATA ELEMENTS

  • fixed length control field: 170713|| aca||aabn | a|a d

040 ## - CATALOGING SOURCE

  • Original cataloging agency: NUST
  • Transcribing agency: NUST

130 ## - HEADING--UNIFORM TITLE

  • Uniform title: Influenza Viruses.

670 ## - SOURCE DATA FOUND

  • Source citation: Work cat.: (NUST): Munazza Fatima 3272, Th-PhD-Hemagglutinin based vaccinal and therapeutic approaches against influenza viruses by Munazza Fatima-sup-Dr. Najam Us Sahar Sadaf Zaidi., 2016.
© 2023 Central Library, National University of Sciences and Technology. All Rights Reserved.